| 000 | 00439nam a2200157 4500 | ||
|---|---|---|---|
| 001 | 140609 | ||
| 003 | ES-MaACL | ||
| 005 | 20230906200119.0 | ||
| 007 | t| | ||
| 008 | 070214s1975 ag r ||||1| spa d | ||
| 100 | 1 |
_aSebreli, Juan José. _9105029 |
|
| 245 | 1 | 0 |
_aTercer mundo, mito burgués / _cJuan José Sebreli. |
| 260 |
_aBuenos Aires : _bSiglo Veinte, _c1975. |
||
| 300 |
_a252 p. ; _c20 cm. |
||
| 852 |
_aES-MaACL _jA-7649 _bR.96405 |
||
| 999 |
_c140609 _d140609 |
||